=LDR 00000nam 2200000 4500 =001 NUTBA000000000004870 =005 20141013105708.0 =006 =007 =008 =035 ##$$a 0010-101400000000100 =040 ##$$a NBPDMAT =082 ##$$a 92 ( Diponegoro ) =090 ##$$a 92 $b Tia s =100 ##$$a Tiana =245 ##$$a Semangat juang diponegoro / $c Tiana =250 ##$$a Cet.11 =260 ##$$a Jakarta : $b Citra Unggul Laksana, $c 2011 =300 ##$$a iv, 46 hlm. : $b ilus. ; $c 25 cm. =650 ##$$a Diponegoro, Pangeran 1785 - 1855 =850 ##$$a NBPDMAT